header

Computer interfaces (Record no. 176387)

MARC details
000 -LEADER
fixed length control field 01035nam a2200253 a 4500
245 00 - TITLE STATEMENT
Title Computer interfaces
260 ## - PUBLICATION, DISTRIBUTION, ETC. (IMPRINT)
Place of publication Boston, Mass. :
Name of publisher Technology Research News,
Year of publication 2003.
300 ## - PHYSICAL DESCRIPTION
Number of Pages 41 p. :
Other physical details ill.
490 0# - SERIES STATEMENT
Series statement TRN's making the future report ;
500 ## - GENERAL NOTE
General note Two columns to the page.
650 #0 - SUBJECT ADDED ENTRY--TOPICAL TERM
Topical Term User interfaces (Computer systems)
856 40 - ELECTRONIC LOCATION AND ACCESS
Uniform Resource Identifier http://site.ebrary.com/lib/rucke/Doc?id=10032003

No items available.

© 2026 Rongo University
Contact us: librarian | system librarian | Rongo university